|
|
|
|
| LEADER |
01208nam a2200277 u 4500 |
| 001 |
10024596 |
| 003 |
upatras |
| 005 |
20210422151544.0 |
| 008 |
960208s1972 us eng |
| 952 |
|
|
|0 0
|1 0
|4 0
|6 538_360000000000000_WER
|7 0
|9 193838
|a PHYS
|b PHYS
|d 2016-04-24
|i 01037
|l 0
|o 538.36 WER
|p 025000018937
|r 2016-04-24 00:00:00
|t 1
|w 2016-04-24
|y BK15
|
| 999 |
|
|
|c 118858
|d 118858
|
| 040 |
|
|
|a GR-PaULI
|c GR-PaULI
|
| 041 |
0 |
|
|a eng
|
| 050 |
|
4 |
|a 77-154239
|
| 100 |
1 |
|
|a Wertz, John E.
|9 150822
|
| 245 |
1 |
0 |
|a Electron spin resonance :
|b elementary theory and practical applications /
|c John E. Wertz, James R. Bolton.
|
| 260 |
|
|
|a New York :
|b McGraw - Hill Book Company,
|c 1972.
|
| 300 |
|
|
|a xiv, 497 σ. :
|b εικ. ;
|c 24 εκ.
|
| 490 |
0 |
|
|a McGraw - Hill series in advanced chemistry
|
| 504 |
|
|
|a Περιλαμβάνει βιβλιογραφικές παραπομπές και ευρετήριο.
|
| 650 |
|
4 |
|a Μαγνητικός συντονισμός
|9 32682
|
| 650 |
|
4 |
|a Μαγνητισμός
|9 745
|
| 700 |
1 |
|
|a Bolton, James R.
|9 150823
|
| 760 |
1 |
|
|a McGraw-Hill series in advanced chemistry
|
| 852 |
|
|
|a GR-PaULI
|b ΠΑΤΡΑ
|b ΦΥΣΙΚΟ
|k ΑΕΧ-1
|h 538.36 WER
|m 01037
|p 025000018937
|t 1
|
| 942 |
|
|
|2 ddc
|c BK15
|